000 00640nam a2200205 a 4500
003 MX-MxUPN
005 20220912103351.0
008 030528s1964 ag r 000 0 spa d
035 _aUPN01000124758
040 _aMX-MxUPN
_bspa
_cMX-MxUPN
041 0 _aspa
050 1 4 _aZ5811
_bB52 1964
245 1 0 _aBibliografía de ciencias de la educación
260 _aSanta Fe, Argentina :
_bUniversidad Nacional del Litoral,
_c1964.
300 _a32 páginas
500 _a"No. 2. Psicología de la educación. No. 3. Educación diferenciada"
650 7 _aEducación
_vBibliografía
_2
_915006
942 _2lcc
_cFOLL
999 _c96937
_d96937